| 000 | 00768na a2200205 4500 | ||
|---|---|---|---|
| 001 | 23587 | ||
| 003 | MIRAKIL | ||
| 005 | 20181213155257.0 | ||
| 008 | 171106b tu 000 0 | ||
| 040 |
_aMilas _btur _cTR-AnCHP |
||
| 041 | _atur | ||
| 110 | _aTürkiye İşveren Sendikaları Konfederasyonu (TİSK) | ||
| 245 |
_aAvrupa rekabet gücünün kıyaslanması (Benchmarkıng): analizden eyleme _cTürkiye İşveren Sendikaları Konfederasyonu (TİSK) |
||
| 260 |
_aAnkara _bTürkiye İşveren Sendikaları Konfederasyonu (TİSK) _c1998 _fPlaka Matbaacılık |
||
| 300 |
_a80 s. _btbl. , grf. _c23 sm. |
||
| 440 |
_aTürkiye İşveren Sendikaları Konfederasyonu _vyayın no: 178 |
||
| 500 | _aGEÇİCİ KATALOG KAYDIDIR. | ||
| 942 |
_2ddc _cBKS |
||
| 999 |
_c9806 _d9806 |
||